000 00365nam a2200145Ia 4500
008 150201s2005 xx 000 0 und d
082 _a618.92
_bR05G
100 _aGUPTE, S.
245 _aRECENT ADVANCES IN PEDIATRICS : PEDIATRIC NEPHROLOGY
250 _a1ST
260 _bJAYPEE BROTHERS
_aDELHI
_c2005
300 _a1-297
650 _aPAEDIATRICS
942 _2ddc
_cBK
999 _c76
_d76